00428nam a2200145 i 4500001000300000245003000003260002100033040000800054041000800062942000700070008004100077999001700118856009800135952004900233bg 0aPolska Partia Robotnicza. aWarszawa,c1984. cBPK apol cKS s pl f |000 0 pol  c22781d22781 uhttp://koha.tu.koszalin.pl/cgi-bin/koha/opac-detail.pl?biblionumber=22781yKatalog online BPK 00104070aBPKbBPKcwo32021p01561296yKS